[Event "Blitz 2018"]
[Site "Saint-Petersburg"]
[Date "2018.12.29"]
[Round "1"]
[Board "65"]
[White "Anton Guijarro David (ESP)"]
[Black "Drygalov Sergey (RUS)"]
[Result "0-1"]
[LiveChessVersion "1.4.8"]
[BlackElo "2428"]
[WhiteElo "2631"]

1. e4 {[%clk 0:03:02]} c5 {[%clk 0:03:03]} 2. Nf3 {[%clk 0:03:03]} d6
{[%clk 0:03:03]} 3. Bb5+ {[%clk 0:03:03]} Bd7 {[%clk 0:03:02]} 4. Bxd7+
{[%clk 0:03:03]} Qxd7 {[%clk 0:03:03]} 5. c4 {[%clk 0:03:04]} Nc6
{[%clk 0:03:01]} 6. Nc3 {[%clk 0:03:03]} Nf6 {[%clk 0:02:52]} 7. d4
{[%clk 0:03:03]} cxd4 {[%clk 0:02:51]} 8. Nxd4 {[%clk 0:03:04]} g6
{[%clk 0:02:52]} 9. f3 {[%clk 0:03:03]} Bg7 {[%clk 0:02:53]} 10. Be3
{[%clk 0:03:03]} O-O {[%clk 0:02:48]} 11. Rc1 {[%clk 0:03:03]} a6
{[%clk 0:02:15]} 12. Nxc6 {[%clk 0:03:01]} bxc6 {[%clk 0:01:54]} 13. O-O
{[%clk 0:03:00]} c5 {[%clk 0:01:46]} 14. Qd2 {[%clk 0:02:58]} Rfe8
{[%clk 0:01:40]} 15. b3 {[%clk 0:02:58]} Qb7 {[%clk 0:01:40]} 16. Rfe1
{[%clk 0:02:53]} Nd7 {[%clk 0:01:38]} 17. f4 {[%clk 0:02:48]} Rad8
{[%clk 0:01:32]} 18. Nd5 {[%clk 0:02:41]} e6 {[%clk 0:01:25]} 19. Nc3
{[%clk 0:02:40]} Nf6 {[%clk 0:01:26]} 20. Qd3 {[%clk 0:02:01]} Ng4
{[%clk 0:01:23]} 21. Kh1 {[%clk 0:02:01]} Bxc3 {[%clk 0:00:55]} 22. Rxc3
{[%clk 0:01:33]} d5 {[%clk 0:00:52]} 23. Bg1 {[%clk 0:01:29]} dxe4
{[%clk 0:00:44]} 24. Qe2 {[%clk 0:01:30]} f5 {[%clk 0:00:37]} 25. h3
{[%clk 0:01:24]} Nf6 {[%clk 0:00:38]} 26. Bxc5 {[%clk 0:01:21]} Rd7
{[%clk 0:00:27]} 27. Be3 {[%clk 0:01:19]} Red8 {[%clk 0:00:26]} 28. Qf2
{[%clk 0:01:11]} Rd3 {[%clk 0:00:23]} 29. Rcc1 {[%clk 0:01:10]} R8d7
{[%clk 0:00:20]} 30. Qh4 {[%clk 0:01:10]} Nh5 {[%clk 0:00:12]} 31. c5
{[%clk 0:01:04]} Qc6 {[%clk 0:00:14]} 32. b4 {[%clk 0:01:01]} Ra3
{[%clk 0:00:11]} 33. Qf2 {[%clk 0:00:37]} Nf6 {[%clk 0:00:11]} 34. Red1
{[%clk 0:00:34]} Rad3 {[%clk 0:00:11]} 35. Re1 {[%clk 0:00:31]} Nd5
{[%clk 0:00:12]} 36. Bd4 {[%clk 0:00:28]} Nxb4 {[%clk 0:00:11]} 37. Be5
{[%clk 0:00:29]} Rd2 {[%clk 0:00:11]} 38. Qh4 {[%clk 0:00:19]} Nd3
{[%clk 0:00:12]} 39. Rb1 {[%clk 0:00:18]} Nf2+ {[%clk 0:00:05]} 40. Kh2
{[%clk 0:00:18]} Rd8 {[%clk 0:00:06]} 41. Qxd8+ {[%clk 0:00:18]} Rxd8
{[%clk 0:00:07]} 42. Bf6 {[%clk 0:00:13]} Rd2 {[%clk 0:00:08]} 43. Rb8+
{[%clk 0:00:11]} Kf7 {[%clk 0:00:09]} 44. Be5 {[%clk 0:00:09]} e3
{[%clk 0:00:10]} 45. Rg1 {[%clk 0:00:06]} e2 {[%clk 0:00:10]} 46. Rh8
{[%clk 0:00:06]} e1=R {[%clk 0:00:05]} 47. Rxh7+ {[%clk 0:00:06]} Kg8
{[%clk 0:00:07]} 48. Rh8+ {[%clk 0:00:06]} Kf7 {[%clk 0:00:08]} 49. Rh7+
{[%clk 0:00:07]} Ke8 {[%clk 0:00:09]} 50. Rh8+ {[%clk 0:00:06]} Kd7
{[%clk 0:00:10]} 51. Rh7+ {[%clk 0:00:07]} Kc8 {[%clk 0:00:11]} 52. Rh8+
{[%clk 0:00:04]} Rd8 {[%clk 0:00:12]} 53. Rxd8+ {[%clk 0:00:03]} Kxd8
{[%clk 0:00:13]} 54. Rxe1 {[%clk 0:00:04]} Qxc5 {[%clk 0:00:12]} 55. Rb1
{[%clk 0:00:03]} Nd3 {[%clk 0:00:11]} 56. Rb8+ {[%clk 0:00:03]} Kd7
{[%clk 0:00:13]} 57. Rb7+ {[%clk 0:00:04]} Kc8 {[%clk 0:00:14]} 58. Rb8+
{[%clk 0:00:05]} Kd7 {[%clk 0:00:15]} 59. Rb7+ {[%clk 0:00:06]} Kc8
{[%clk 0:00:06]} 60. Rb8+ {[%clk 0:00:07]} Kd7 {[%clk 0:00:08]} 61. Rb7+
{[%clk 0:00:09]} Ke8 {[%clk 0:00:06]} 62. Rb8+ {[%clk 0:00:10]} Kf7
{[%clk 0:00:07]} 63. Rb7+ {[%clk 0:00:11]} Ke8 {[%clk 0:00:08]} 64. Rb8+ Kd7 65.
Rb7+ {[%clk 0:00:13]} Kc6 {[%clk 0:00:06]} 66. Rc7+ {[%clk 0:00:14]} Kd5
{[%clk 0:00:07]} 67. Rxc5+ {[%clk 0:00:15]} Kxc5 {[%clk 0:00:07]} 68. Kg3
{[%clk 0:00:07]} Nxe5 {[%clk 0:00:04]} 69. fxe5 g5 70. Kf3 {[%clk 0:00:03]} Kd5
{[%clk 0:00:07]} 71. g3 {[%clk 0:00:03]} Kxe5 {[%clk 0:00:08]} 72. h4
{[%clk 0:00:04]} Kf6 {[%clk 0:00:09]} 0-1

[Event "Blitz 2018"]
[Site "Saint-Petersburg"]
[Date "2018.12.29"]
[Round "1"]
[Board "66"]
[White "Bazeev German (RUS)"]
[Black "Paravyan David (RUS)"]
[Result "0-1"]
[LiveChessVersion "1.4.8"]
[BlackElo "2629"]
[WhiteElo "2422"]

1. d4 {[%clk 0:03:03]} Nf6 {[%clk 0:03:03]} 2. Nf3 {[%clk 0:03:03]} d5
{[%clk 0:03:04]} 3. c4 {[%clk 0:02:56]} e6 {[%clk 0:03:05]} 4. g3
{[%clk 0:02:50]} Bb4+ {[%clk 0:03:01]} 5. Bd2 {[%clk 0:02:51]} Be7
{[%clk 0:03:00]} 6. Bg2 {[%clk 0:02:51]} O-O {[%clk 0:03:01]} 7. O-O
{[%clk 0:02:51]} c6 {[%clk 0:03:02]} 8. Nc3 {[%clk 0:02:50]} dxc4
{[%clk 0:02:59]} 9. a4 {[%clk 0:02:51]} Nbd7 {[%clk 0:02:37]} 10. e4
{[%clk 0:02:47]} Rb8 {[%clk 0:02:37]} 11. Bf4 {[%clk 0:02:42]} Ra8
{[%clk 0:02:38]} 12. Qe2 {[%clk 0:02:35]} a5 {[%clk 0:02:33]} 13. Qxc4
{[%clk 0:02:33]} Nh5 {[%clk 0:02:27]} 14. Be3 {[%clk 0:02:31]} Nhf6
{[%clk 0:02:27]} 15. Rfd1 {[%clk 0:02:31]} Bb4 {[%clk 0:02:16]} 16. Ne5
{[%clk 0:02:28]} Nxe5 {[%clk 0:02:13]} 17. dxe5 {[%clk 0:02:29]} Nd7
{[%clk 0:02:14]} 18. f4 {[%clk 0:02:24]} Qe7 {[%clk 0:02:12]} 19. Rac1
{[%clk 0:02:20]} Bc5 {[%clk 0:01:39]} 20. Bxc5 {[%clk 0:02:09]} Nxc5
{[%clk 0:01:14]} 21. Rd6 {[%clk 0:02:09]} b6 {[%clk 0:01:16]} 22. Rcd1
{[%clk 0:02:00]} Ba6 {[%clk 0:01:13]} 23. Qd4 {[%clk 0:02:02]} Rac8
{[%clk 0:01:01]} 24. f5 {[%clk 0:02:01]} Qg5 {[%clk 0:00:55]} 25. Qf2
{[%clk 0:01:57]} Rfe8 {[%clk 0:00:51]} 26. h4 {[%clk 0:01:50]} Qh6
{[%clk 0:00:51]} 27. f6 {[%clk 0:01:38]} Qh5 {[%clk 0:00:47]} 28. Qf4
{[%clk 0:01:34]} Nb7 {[%clk 0:00:25]} 29. R6d2 {[%clk 0:01:30]} Nc5
{[%clk 0:00:24]} 30. Bf3 {[%clk 0:01:30]} Qg6 {[%clk 0:00:24]} 31. h5
{[%clk 0:01:31]} Qh6 {[%clk 0:00:25]} 32. Qxh6 {[%clk 0:01:31]} gxh6
{[%clk 0:00:26]} 33. Rd6 {[%clk 0:01:27]} Kf8 {[%clk 0:00:26]} 34. Kf2
{[%clk 0:01:27]} Bc4 {[%clk 0:00:25]} 35. R1d4 {[%clk 0:01:19]} Ba6
{[%clk 0:00:23]} 36. Be2 {[%clk 0:01:17]} Bxe2 {[%clk 0:00:22]} 37. Kxe2
{[%clk 0:01:18]} Nb7 {[%clk 0:00:15]} 38. Rd7 {[%clk 0:01:18]} Nc5
{[%clk 0:00:16]} 39. Ra7 {[%clk 0:01:18]} Ra8 {[%clk 0:00:17]} 40. Rxa8
{[%clk 0:01:18]} Rxa8 {[%clk 0:00:18]} 41. Ke3 {[%clk 0:01:13]} Ke8
{[%clk 0:00:18]} 42. Rd6 {[%clk 0:01:13]} Rc8 {[%clk 0:00:19]} 43. g4
{[%clk 0:01:03]} Nb7 {[%clk 0:00:18]} 44. Rd1 Rd8 45. Rg1 {[%clk 0:00:58]} Nc5
{[%clk 0:00:18]} 46. g5 {[%clk 0:00:59]} Rd3+ {[%clk 0:00:19]} 47. Ke2
{[%clk 0:00:58]} hxg5 {[%clk 0:00:08]} 48. Rxg5 {[%clk 0:01:00]} Rh3
{[%clk 0:00:08]} 49. Rg8+ {[%clk 0:01:01]} Kd7 {[%clk 0:00:10]} 50. Rf8
{[%clk 0:01:01]} Rxh5 {[%clk 0:00:09]} 51. Rxf7+ {[%clk 0:01:03]} Ke8
{[%clk 0:00:10]} 52. Re7+ {[%clk 0:01:02]} Kf8 {[%clk 0:00:11]} 53. Ke3
{[%clk 0:00:56]} Rxe5 {[%clk 0:00:10]} 54. Rxh7 {[%clk 0:00:57]} Rg5
{[%clk 0:00:10]} 55. Kf4 {[%clk 0:00:57]} Rg2 {[%clk 0:00:03]} 56. Ke5
{[%clk 0:00:38]} Rxb2 {[%clk 0:00:04]} 57. Rh8+ {[%clk 0:00:31]} Kf7
{[%clk 0:00:06]} 58. Rh7+ {[%clk 0:00:33]} Kf8 {[%clk 0:00:07]} 59. Rh8+ Kf7 60.
Rh7+ {[%clk 0:00:35]} Kf8 {[%clk 0:00:10]} 61. Rc7 {[%clk 0:00:37]} Rc2
{[%clk 0:00:07]} 62. Nd1 {[%clk 0:00:35]} Re2 {[%clk 0:00:04]} 63. Rc8+
{[%clk 0:00:36]} Kf7 {[%clk 0:00:05]} 64. Rc7+ {[%clk 0:00:37]} Kf8
{[%clk 0:00:06]} 65. Rc8+ {[%clk 0:00:31]} Kf7 {[%clk 0:00:07]} 66. Rc7+
{[%clk 0:00:32]} Ke8 {[%clk 0:00:08]} 67. Rc8+ {[%clk 0:00:32]} Kd7
{[%clk 0:00:08]} 68. f7 {[%clk 0:00:26]} Rxe4+ {[%clk 0:00:08]} 69. Kf6
{[%clk 0:00:26]} Rf4+ {[%clk 0:00:08]} 0-1

[Event "Blitz 2018"]
[Site "Saint-Petersburg"]
[Date "2018.12.29"]
[Round "1"]
[Board "67"]
[White "Grigoriants Sergey (RUS)"]
[Black "Baron Tal (ISR)"]
[Result "1-0"]
[LiveChessVersion "1.4.8"]
[BlackElo "2421"]
[WhiteElo "2626"]

1. e4 {[%clk 0:03:02]} e6 {[%clk 0:03:04]} 2. d4 {[%clk 0:03:01]} d5
{[%clk 0:03:05]} 3. Nd2 {[%clk 0:02:57]} Be7 {[%clk 0:03:06]} 4. e5
{[%clk 0:02:46]} c5 {[%clk 0:03:07]} 5. c3 {[%clk 0:02:47]} cxd4 {[%clk 0:03:08]}
6. cxd4 Qb6 7. Ndf3 {[%clk 0:02:30]} Nc6 {[%clk 0:02:46]} 8. Nh3 {[%clk 0:02:17]}
Bb4+ {[%clk 0:02:46]} 9. Bd2 {[%clk 0:02:18]} Nge7 {[%clk 0:02:46]} 10. Bxb4
{[%clk 0:02:09]} Qxb4+ {[%clk 0:02:47]} 11. Qd2 {[%clk 0:02:10]} Bd7
{[%clk 0:02:41]} 12. Rd1 {[%clk 0:01:36]} Rc8 {[%clk 0:02:40]} 13. Bd3
{[%clk 0:01:07]} a5 {[%clk 0:02:27]} 14. a3 Qxd2+ {[%clk 0:02:24]} 15. Kxd2
{[%clk 0:01:04]} a4 {[%clk 0:02:20]} 16. Rc1 {[%clk 0:00:57]} Na5
{[%clk 0:02:08]} 17. Rxc8+ {[%clk 0:00:58]} Nxc8 {[%clk 0:02:08]} 18. Ke3
{[%clk 0:00:52]} Nb6 {[%clk 0:02:07]} 19. Nd2 {[%clk 0:00:53]} Ke7
{[%clk 0:01:54]} 20. Rc1 {[%clk 0:00:52]} f6 {[%clk 0:01:46]} 21. Rc5
{[%clk 0:00:40]} Ra8 {[%clk 0:01:23]} 22. f4 {[%clk 0:00:32]} Bc6
{[%clk 0:01:09]} 23. Nf2 {[%clk 0:00:23]} Nbc4+ {[%clk 0:00:49]} 24. Bxc4
{[%clk 0:00:19]} dxc4 {[%clk 0:00:49]} 25. exf6+ {[%clk 0:00:18]} gxf6
{[%clk 0:00:47]} 26. Nxc4 {[%clk 0:00:14]} Nxc4+ {[%clk 0:00:26]} 27. Rxc4
{[%clk 0:00:15]} Ra5 {[%clk 0:00:17]} 28. g4 {[%clk 0:00:10]} h5 {[%clk 0:00:15]}
29. Rc5 {[%clk 0:00:08]} Rxc5 {[%clk 0:00:12]} 30. dxc5 {[%clk 0:00:10]} hxg4 31.
Nxg4 {[%clk 0:00:11]} Kf7 {[%clk 0:00:09]} 32. Kd4 {[%clk 0:00:07]} Kg6
{[%clk 0:00:07]} 33. Ne3 {[%clk 0:00:05]} Kh5 {[%clk 0:00:07]} 34. Nc4
{[%clk 0:00:04]} Kg4 {[%clk 0:00:07]} 35. Ke3 {[%clk 0:00:06]} Kh3
{[%clk 0:00:06]} 36. Nd6 {[%clk 0:00:05]} Kxh2 {[%clk 0:00:05]} 37. Nc4
{[%clk 0:00:03]} Kg3 38. Na5 Bd5 {[%clk 0:00:07]} 39. c6 {[%clk 0:00:03]} bxc6
{[%clk 0:00:08]} 40. Nb7 {[%clk 0:00:05]} Kg4 {[%clk 0:00:07]} 41. Nc5
{[%clk 0:00:06]} Bb3 {[%clk 0:00:06]} 42. Nxb3 {[%clk 0:00:07]} axb3
{[%clk 0:00:06]} 43. a4 {[%clk 0:00:08]} e5 {[%clk 0:00:07]} 44. a5
{[%clk 0:00:08]} exf4+ {[%clk 0:00:05]} 45. Kf2 {[%clk 0:00:09]} c5
{[%clk 0:00:05]} 46. a6 {[%clk 0:00:10]} c4 47. a7 c3 {[%clk 0:00:08]} 48. a8=Q
{[%clk 0:00:11]} c2 {[%clk 0:00:05]} 49. Qf3+ {[%clk 0:00:08]} Kg5
{[%clk 0:00:05]} 50. Qc3 {[%clk 0:00:07]} Kf5 {[%clk 0:00:04]} 51. Kf3
{[%clk 0:00:07]} Ke4+ 52. Kxe4 1-0

[Event "Blitz 2018"]
[Site "Saint-Petersburg"]
[Date "2018.12.29"]
[Round "1"]
[Board "68"]
[White "Gutenev Alexander (RUS)"]
[Black "Cheparinov Ivan (GEO)"]
[Result "1/2-1/2"]
[LiveChessVersion "1.4.8"]
[BlackElo "2618"]
[WhiteElo "2419"]

1. e4 {[%clk 0:03:02]} c6 {[%clk 0:03:03]} 2. d4 {[%clk 0:03:03]} d5
{[%clk 0:03:04]} 3. Nd2 {[%clk 0:03:04]} dxe4 {[%clk 0:03:05]} 4. Nxe4
{[%clk 0:03:05]} Nf6 {[%clk 0:03:05]} 5. Nxf6+ {[%clk 0:03:06]} exf6
{[%clk 0:03:06]} 6. c3 {[%clk 0:03:07]} Bd6 {[%clk 0:03:06]} 7. Bd3
{[%clk 0:03:08]} O-O {[%clk 0:03:05]} 8. Qc2 {[%clk 0:03:08]} Re8+
{[%clk 0:03:06]} 9. Ne2 {[%clk 0:03:09]} h5 {[%clk 0:03:06]} 10. Be3
{[%clk 0:03:09]} Nd7 {[%clk 0:03:06]} 11. O-O-O {[%clk 0:03:09]} Nf8
{[%clk 0:03:05]} 12. h3 {[%clk 0:03:02]} Be6 {[%clk 0:03:06]} 13. Kb1
{[%clk 0:03:01]} Bd5 {[%clk 0:03:02]} 14. Rhg1 {[%clk 0:03:02]} b5
{[%clk 0:03:01]} 15. g4 {[%clk 0:02:55]} h4 {[%clk 0:02:55]} 16. g5
{[%clk 0:02:54]} Bh2 {[%clk 0:02:37]} 17. Rg4 {[%clk 0:02:47]} Bf3
{[%clk 0:02:36]} 18. Rxh4 {[%clk 0:01:30]} fxg5 {[%clk 0:02:37]} 19. Bh7+
{[%clk 0:01:06]} Kh8 {[%clk 0:02:38]} 20. Be4+ {[%clk 0:01:06]} gxh4
{[%clk 0:02:39]} 21. Bxf3 {[%clk 0:01:08]} Qf6 {[%clk 0:02:31]} 22. Bg2
{[%clk 0:00:47]} Rad8 {[%clk 0:02:01]} 23. Ka1 {[%clk 0:00:47]} Ng6
{[%clk 0:01:57]} 24. Qd2 {[%clk 0:00:47]} Bc7 {[%clk 0:01:28]} 25. Rf1
{[%clk 0:00:27]} Qe6 {[%clk 0:01:13]} 26. Rh1 {[%clk 0:00:22]} c5
{[%clk 0:01:07]} 27. d5 {[%clk 0:00:22]} Qd6 {[%clk 0:01:04]} 28. Qc2
{[%clk 0:00:18]} Ne5 {[%clk 0:00:36]} 29. Qf5 {[%clk 0:00:18]} Qg6
{[%clk 0:00:33]} 30. Qxg6 {[%clk 0:00:15]} Nxg6 {[%clk 0:00:33]} 31. Rd1
{[%clk 0:00:14]} Bd6 {[%clk 0:00:34]} 32. Kb1 {[%clk 0:00:15]} a5
{[%clk 0:00:28]} 33. Kc2 {[%clk 0:00:16]} Rd7 {[%clk 0:00:26]} 34. Ng1
{[%clk 0:00:15]} Nf4 {[%clk 0:00:25]} 35. Bf1 {[%clk 0:00:16]} g5
{[%clk 0:00:22]} 36. Bxb5 {[%clk 0:00:16]} Rde7 {[%clk 0:00:16]} 37. Bxe8
{[%clk 0:00:16]} Rxe8 {[%clk 0:00:17]} 38. Bxf4 {[%clk 0:00:12]} Bxf4
{[%clk 0:00:16]} 39. d6 {[%clk 0:00:13]} Kg7 {[%clk 0:00:14]} 40. d7
{[%clk 0:00:14]} Rd8 {[%clk 0:00:16]} 41. Nf3 {[%clk 0:00:15]} f5
{[%clk 0:00:17]} 42. Rd5 {[%clk 0:00:15]} Kf6 {[%clk 0:00:18]} 43. a4
{[%clk 0:00:09]} Ke6 {[%clk 0:00:11]} 44. Rxc5 {[%clk 0:00:11]} Rxd7
{[%clk 0:00:11]} 45. Nd4+ {[%clk 0:00:12]} Kf6 {[%clk 0:00:12]} 46. Rxf5+
{[%clk 0:00:11]} Kg6 {[%clk 0:00:13]} 47. Rxa5 {[%clk 0:00:12]} g4
{[%clk 0:00:15]} 48. hxg4 {[%clk 0:00:12]} Rh7 {[%clk 0:00:08]} 49. Nf3
{[%clk 0:00:13]} h3 {[%clk 0:00:09]} 50. Rh5 {[%clk 0:00:14]} Rxh5
{[%clk 0:00:09]} 51. gxh5+ {[%clk 0:00:16]} Kxh5 {[%clk 0:00:10]} 52. Kd3
{[%clk 0:00:17]} Kg4 {[%clk 0:00:11]} 53. Ke4 {[%clk 0:00:18]} Bc1
{[%clk 0:00:06]} 54. b4 {[%clk 0:00:17]} Bd2 {[%clk 0:00:08]} 55. b5
{[%clk 0:00:16]} Bxc3 {[%clk 0:00:08]} 56. b6 {[%clk 0:00:18]} Ba5
{[%clk 0:00:09]} 57. b7 {[%clk 0:00:19]} Bc7 {[%clk 0:00:10]} 58. a5
{[%clk 0:00:20]} Bb8 {[%clk 0:00:11]} 59. a6 {[%clk 0:00:21]} Ba7
{[%clk 0:00:13]} 60. Nh2+ {[%clk 0:00:21]} Kg5 {[%clk 0:00:13]} 61. f4+
{[%clk 0:00:21]} Kf6 {[%clk 0:00:11]} 62. Ng4+ {[%clk 0:00:22]} Kg6
{[%clk 0:00:12]} 63. f5+ {[%clk 0:00:21]} Kg5 {[%clk 0:00:14]} 64. Nh2
{[%clk 0:00:20]} Bb8 {[%clk 0:00:14]} 65. Nf3+ {[%clk 0:00:21]} Kf6
{[%clk 0:00:15]} 66. Nh2 {[%clk 0:00:17]} Kg5 {[%clk 0:00:16]} 67. Nf1
{[%clk 0:00:15]} Kf6 {[%clk 0:00:15]} 68. Ne3 {[%clk 0:00:15]} Kg5
{[%clk 0:00:16]} 69. Nf1 {[%clk 0:00:13]} Kf6 {[%clk 0:00:17]} 70. Ne3
{[%clk 0:00:11]} Kg5 {[%clk 0:00:18]} 71. Kf3 {[%clk 0:00:10]} Kf6
{[%clk 0:00:17]} 72. Ke4 {[%clk 0:00:06]} Ke5+ 1/2-1/2

[Event "Blitz 2018"]
[Site "Saint-Petersburg"]
[Date "2018.12.29"]
[Round "1"]
[Board "69"]
[White "Roiz Michael (ISR)"]
[Black "Danielyan Vahe (ARM)"]
[Result "1/2-1/2"]
[LiveChessVersion "1.4.8"]
[BlackElo "2417"]
[WhiteElo "2617"]

1. Nf3 {[%clk 0:03:02]} Nf6 {[%clk 0:03:03]} 2. c4 {[%clk 0:03:02]} b6
{[%clk 0:03:04]} 3. g3 {[%clk 0:03:00]} Bb7 {[%clk 0:03:05]} 4. d4
{[%clk 0:03:00]} g6 {[%clk 0:03:06]} 5. Nc3 {[%clk 0:03:01]} Bg7 {[%clk 0:03:06]}
6. d5 {[%clk 0:03:01]} O-O {[%clk 0:03:05]} 7. Bg2 {[%clk 0:03:02]} d6
{[%clk 0:03:01]} 8. O-O {[%clk 0:03:00]} Nbd7 {[%clk 0:02:58]} 9. Nd4
{[%clk 0:02:50]} a5 {[%clk 0:02:55]} 10. e4 {[%clk 0:02:38]} Nc5 {[%clk 0:02:51]}
11. Be3 {[%clk 0:02:28]} Nfd7 {[%clk 0:02:52]} 12. h3 {[%clk 0:01:59]} e5
{[%clk 0:02:53]} 13. Ndb5 {[%clk 0:01:42]} f5 {[%clk 0:02:37]} 14. Qd2
{[%clk 0:01:37]} Nf6 {[%clk 0:02:16]} 15. exf5 {[%clk 0:01:37]} gxf5
{[%clk 0:02:16]} 16. f4 {[%clk 0:01:36]} e4 {[%clk 0:02:04]} 17. Kh2
{[%clk 0:01:35]} Bc8 {[%clk 0:02:01]} 18. Rg1 {[%clk 0:01:34]} Kh8
{[%clk 0:02:02]} 19. Bf1 {[%clk 0:01:35]} Qe7 {[%clk 0:01:50]} 20. Be2
{[%clk 0:01:36]} Rg8 {[%clk 0:01:33]} 21. Rg2 {[%clk 0:01:36]} Bb7
{[%clk 0:00:40]} 22. Rag1 {[%clk 0:01:13]} Rad8 {[%clk 0:00:42]} 23. g4
{[%clk 0:01:13]} fxg4 {[%clk 0:00:42]} 24. hxg4 {[%clk 0:01:14]} Nxd5
{[%clk 0:00:38]} 25. Rg3 {[%clk 0:01:03]} Nxe3 {[%clk 0:00:37]} 26. Qxe3
{[%clk 0:01:04]} c6 {[%clk 0:00:38]} 27. Nd4 {[%clk 0:01:04]} Bxd4
{[%clk 0:00:24]} 28. Qxd4+ {[%clk 0:01:05]} Qg7 {[%clk 0:00:25]} 29. Qxg7+
{[%clk 0:01:04]} Rxg7 {[%clk 0:00:25]} 30. Rd1 {[%clk 0:00:54]} d5
{[%clk 0:00:25]} 31. cxd5 {[%clk 0:00:54]} cxd5 {[%clk 0:00:27]} 32. Nb5
{[%clk 0:00:51]} Ne6 {[%clk 0:00:21]} 33. f5 {[%clk 0:00:47]} Nf4
{[%clk 0:00:17]} 34. Nd4 {[%clk 0:00:48]} Nxe2 {[%clk 0:00:14]} 35. Nxe2
{[%clk 0:00:49]} Rc7 {[%clk 0:00:17]} 36. Rc3 {[%clk 0:00:48]} Rxc3
{[%clk 0:00:10]} 37. bxc3 {[%clk 0:00:50]} Ba6 {[%clk 0:00:11]} 38. Nf4
{[%clk 0:00:47]} e3 {[%clk 0:00:11]} 39. Kg3 {[%clk 0:00:46]} Bc4
{[%clk 0:00:12]} 40. a3 {[%clk 0:00:47]} Re8 {[%clk 0:00:11]} 41. Ne6
{[%clk 0:00:41]} Kg8 {[%clk 0:00:09]} 42. Kf4 e2 43. Rh1 {[%clk 0:00:37]} Bd3
{[%clk 0:00:08]} 44. Ke3 {[%clk 0:00:34]} Bc4 {[%clk 0:00:09]} 45. Kd4
{[%clk 0:00:31]} b5 {[%clk 0:00:09]} 46. Re1 {[%clk 0:00:27]} Rb8
{[%clk 0:00:08]} 47. Kc5 {[%clk 0:00:21]} b4 {[%clk 0:00:09]} 48. axb4
{[%clk 0:00:21]} axb4 {[%clk 0:00:10]} 49. cxb4 {[%clk 0:00:22]} Rb5+
{[%clk 0:00:11]} 50. Kd6 {[%clk 0:00:16]} Rxb4 {[%clk 0:00:11]} 51. Ra1
{[%clk 0:00:18]} Rb6+ {[%clk 0:00:08]} 52. Ke5 {[%clk 0:00:16]} Rb1
{[%clk 0:00:07]} 53. Rxb1 {[%clk 0:00:16]} Bd3 {[%clk 0:00:07]} 54. Kf6
{[%clk 0:00:13]} Bc4 {[%clk 0:00:09]} 55. g5 {[%clk 0:00:10]} Bd3
{[%clk 0:00:09]} 56. Ra1 {[%clk 0:00:10]} Bc2 {[%clk 0:00:08]} 57. Re1
{[%clk 0:00:11]} Bd3 {[%clk 0:00:07]} 58. Nf4 {[%clk 0:00:11]} Bc4
{[%clk 0:00:08]} 59. Ne6 {[%clk 0:00:12]} 1/2-1/2

[Event "Blitz 2018"]
[Site "Saint-Petersburg"]
[Date "2018.12.29"]
[Round "1"]
[Board "70"]
[White "Apryshko Gleb (RUS)"]
[Black "Jakovenko Dmitry (RUS)"]
[Result "1-0"]
[LiveChessVersion "1.4.8"]
[BlackElo "2616"]
[WhiteElo "2416"]

1. e4 {[%clk 0:03:03]} c5 {[%clk 0:03:04]} 2. Nf3 d6 3. d4 {[%clk 0:03:06]} cxd4
{[%clk 0:03:06]} 4. Qxd4 {[%clk 0:03:07]} Nf6 {[%clk 0:03:06]} 5. c4
{[%clk 0:03:09]} Nc6 {[%clk 0:03:05]} 6. Qe3 {[%clk 0:03:10]} g6 7. h3 Bg7
{[%clk 0:03:02]} 8. Nc3 {[%clk 0:03:14]} O-O 9. Be2 a6 {[%clk 0:02:51]} 10. O-O
{[%clk 0:03:16]} Bd7 {[%clk 0:02:50]} 11. Bd2 {[%clk 0:02:59]} Rc8
{[%clk 0:02:47]} 12. Rac1 {[%clk 0:03:01]} Re8 {[%clk 0:02:47]} 13. Rfd1
{[%clk 0:03:02]} Qa5 {[%clk 0:02:28]} 14. a3 {[%clk 0:02:44]} Qc5
{[%clk 0:02:23]} 15. b4 {[%clk 0:02:40]} Qxe3 {[%clk 0:02:22]} 16. Bxe3
{[%clk 0:02:42]} Be6 {[%clk 0:02:18]} 17. Ng5 {[%clk 0:01:59]} Ne5
{[%clk 0:02:13]} 18. Nxe6 {[%clk 0:02:00]} fxe6 {[%clk 0:02:14]} 19. c5
{[%clk 0:01:59]} dxc5 {[%clk 0:02:06]} 20. bxc5 {[%clk 0:01:50]} Nc6
{[%clk 0:01:36]} 21. Rb1 {[%clk 0:01:33]} Na5 {[%clk 0:01:35]} 22. f3
{[%clk 0:01:20]} Red8 {[%clk 0:01:02]} 23. Na4 {[%clk 0:00:49]} Rxd1+
{[%clk 0:00:53]} 24. Rxd1 {[%clk 0:00:48]} Kf7 {[%clk 0:00:53]} 25. Rb1
{[%clk 0:00:46]} Nd7 {[%clk 0:00:30]} 26. Kf1 {[%clk 0:00:28]} Ne5
{[%clk 0:00:24]} 27. Bf2 {[%clk 0:00:16]} Nec4 {[%clk 0:00:24]} 28. Bxc4
{[%clk 0:00:14]} Nxc4 {[%clk 0:00:24]} 29. Rxb7 {[%clk 0:00:16]} Nxa3
{[%clk 0:00:25]} 30. Nb6 {[%clk 0:00:03]} Rc6 {[%clk 0:00:25]} 31. Ke2
{[%clk 0:00:04]} Nb5 {[%clk 0:00:22]} 32. Kd3 {[%clk 0:00:05]} a5
{[%clk 0:00:18]} 33. Nc4 {[%clk 0:00:03]} Nc3 {[%clk 0:00:07]} 34. Nxa5
{[%clk 0:00:03]} Ra6 {[%clk 0:00:08]} 35. Nc4 {[%clk 0:00:04]} Ra2
{[%clk 0:00:09]} 36. Bh4 {[%clk 0:00:05]} Na4 {[%clk 0:00:08]} 37. Bxe7
{[%clk 0:00:04]} Kg8 {[%clk 0:00:07]} 38. Rb8+ {[%clk 0:00:04]} Kf7
{[%clk 0:00:08]} 39. Rb7 {[%clk 0:00:05]} Kg8 {[%clk 0:00:10]} 40. c6
{[%clk 0:00:07]} Bf8 {[%clk 0:00:08]} 41. Rb8 {[%clk 0:00:08]} Kf7
{[%clk 0:00:09]} 42. Bxf8 {[%clk 0:00:09]} 1-0

[Event "Blitz 2018"]
[Site "Saint-Petersburg"]
[Date "2018.12.29"]
[Round "1"]
[Board "71"]
[White "Sarana Alexey (RUS)"]
[Black "Chen Qi B (CHN)"]
[Result "1-0"]
[LiveChessVersion "1.4.8"]
[BlackElo "2416"]
[WhiteElo "2616"]

1. d4 {[%clk 0:03:03]} Nf6 {[%clk 0:03:03]} 2. c4 {[%clk 0:03:04]} e6
{[%clk 0:03:03]} 3. Nf3 {[%clk 0:03:05]} d5 {[%clk 0:03:04]} 4. Nc3
{[%clk 0:03:06]} c6 {[%clk 0:03:03]} 5. g3 {[%clk 0:02:59]} Nbd7 {[%clk 0:03:03]}
6. Bg2 {[%clk 0:03:00]} dxc4 {[%clk 0:03:00]} 7. O-O {[%clk 0:02:59]} Be7
{[%clk 0:03:00]} 8. a4 {[%clk 0:02:58]} O-O {[%clk 0:02:58]} 9. e4
{[%clk 0:02:59]} b6 {[%clk 0:02:50]} 10. Qe2 {[%clk 0:02:50]} Ba6
{[%clk 0:02:40]} 11. Rd1 {[%clk 0:02:42]} Qc8 {[%clk 0:02:37]} 12. Bf4
{[%clk 0:02:41]} Rd8 {[%clk 0:02:21]} 13. Nd2 {[%clk 0:02:39]} c5
{[%clk 0:01:32]} 14. d5 {[%clk 0:02:28]} e5 {[%clk 0:01:30]} 15. Be3
{[%clk 0:02:27]} Ne8 {[%clk 0:01:20]} 16. Nxc4 {[%clk 0:02:27]} Nd6
{[%clk 0:01:19]} 17. Nxd6 {[%clk 0:02:25]} Bxd6 18. Nb5 {[%clk 0:02:25]} Bf8
{[%clk 0:01:09]} 19. Bh3 {[%clk 0:02:24]} Qb7 {[%clk 0:01:06]} 20. Bg5
{[%clk 0:02:21]} Re8 {[%clk 0:01:01]} 21. Qg4 {[%clk 0:02:19]} Rad8
{[%clk 0:00:30]} 22. Bxd8 {[%clk 0:02:19]} Rxd8 {[%clk 0:00:30]} 23. Qg5
{[%clk 0:02:15]} Re8 {[%clk 0:00:26]} 24. d6 {[%clk 0:02:09]} Bxb5
{[%clk 0:00:06]} 25. axb5 {[%clk 0:02:09]} Nf6 {[%clk 0:00:07]} 26. d7
{[%clk 0:02:07]} Rd8 {[%clk 0:00:08]} 27. Qxe5 {[%clk 0:02:06]} 1-0